[Event "SE-2018-0-00269"]
[Site "LSS email"]
[Date "2018.02.04"]
[Round "?"]
[White "Slavin, Pablo"]
[Black "Koenig, Michael"]
[Result "0-1"]
[WhiteElo "1335"]
[BlackElo "1339"]
[PlyCount "138"]
[EventDate "2017.12.07"]
[EventType "tourn (corr)"]
[EventRounds "6"]
[EventCountry "GER"]
[SourceTitle "Corr 2022"]
[Source "ChessBase"]
[SourceDate "2021.10.24"]
[SourceVersion "1"]
[SourceVersionDate "2021.10.24"]
[SourceQuality "1"]

1. e4 e5 2. Nc3 Nf6 3. d4 Bb4 4. dxe5 Nxe4 5. Qg4 Nxc3 6. Qxb4 Nd5 7. Qe4 Ne7 8. Bd3 d6 9. exd6 cxd6 10. Nf3 d5 11. Qf4 Nbc6 12. Ng5 f5 13. 0-0 h6 14. Nh3 g5 15. Qd2 f4 16. Re1 Bxh3 17. gxh3 Qd7 18. Bb5 f3 19. Qe3 0-0 20. Qe6+ Qxe6 21. Rxe6 Rf7 22. Rxh6 Rg7 23. Re6 Nd4 24. Bd7 Nxe6 25. Bxe6+ Kh7 26. Be3 Rd8 27. Rd1 b5 28. Bxa7 Ra8 29. Bd4 Rg6 30. Bg4 Rxa2 31. Bxf3 Re6 32. Bc3 Rd6 33. Re1 Ng6 34. Rd1 Nf4 35. Be5 Rda6 36. Bxf4 gxf4 37. Rxd5 Rxb2 38. Be4+ Kg7 39. Kg2 Rf6 40. Kf3 Rh6 41. Rd7+ Kg8 42. Bf5 Rb4 43. Rc7 Ra6 44. Kg4 Rf6 45. f3 Rd4 46. Kg5 Rfd6 47. h4 Rd2 48. h3 R6d4 49. h5 Rg2+ 50. Kf6 Rd8 51. Rc6 Rf2 52. Be4 Rf8+ 53. Kg6 Rg2+ 54. Kh6 Kh8 55. Rc7 Rf6+ 56. Bg6 Kg8 57. Rb7 Rf2 58. Kg5 Rf8 59. Be4 Rg2+ 60. Kh6 Rf6+ 61. Bg6 Rf2 62. Rxb5 Rxf3 63. Kg5 Rf8 64. Kh6 Rxh3 65. Rg5 Rh2 66. Be8+ Kh8 67. Bc6 f3 68. Rg1 f2 69. Rf1 Rf6+ 0-1

[Event "SE-2018-0-00269"]
[Site "LSS email"]
[Date "2018.02.03"]
[Round "?"]
[White "Salazar Moran, Alejandro Fortunato"]
[Black "Koenig, Michael"]
[Result "1-0"]
[WhiteElo "1313"]
[BlackElo "1339"]
[PlyCount "51"]
[EventDate "2017.12.07"]
[EventType "tourn (corr)"]
[EventRounds "6"]
[EventCountry "GER"]
[SourceTitle "Corr 2022"]
[Source "ChessBase"]
[SourceDate "2021.10.24"]
[SourceVersion "1"]
[SourceVersionDate "2021.10.24"]
[SourceQuality "1"]

1. e4 e5 2. Nf3 Nc6 3. Bb5 a6 4. Ba4 Nf6 5. 0-0 b5 6. Bb3 Bd6 7. Re1 h6 8. d4 b4 9. Bd5 Nxd5 10. exd5 Nb8 11. dxe5 Bc5 12. Be3 Bxe3 13. Rxe3 0-0 14. a3 bxa3 15. Nxa3 h5 16. h4 a5 17. Nc4 c6 18. Ng5 g6 19. Nd6 Ba6 20. e6 fxe6 21. dxe6 Qf6 22. Rf3 Qg7 23. Rf7 Rxf7 24. exf7+ Kf8 25. Qe1 Be2 26. Qxe2 1-0

[Event "SE-2018-0-00268"]
[Site "LSS email"]
[Date "2018.01.24"]
[Round "?"]
[White "Koenig, Michael"]
[Black "Endean, Andrew"]
[Result "0-1"]
[WhiteElo "1337"]
[BlackElo "1447"]
[PlyCount "56"]
[EventDate "2017.11.18"]
[EventType "tourn (corr)"]
[EventRounds "6"]
[EventCountry "GER"]
[SourceTitle "Corr 2022"]
[Source "ChessBase"]
[SourceDate "2021.10.24"]
[SourceVersion "1"]
[SourceVersionDate "2021.10.24"]
[SourceQuality "1"]

1. e4 e5 2. Nc3 Nf6 3. Nf3 Nc6 4. Bc4 Bc5 5. Ng5 0-0 6. Nb5 a6 7. Nxf7 Rxf7 8. Bxf7+ Kxf7 9. Nc3 d6 10. Qe2 Be6 11. 0-0 Nd4 12. Qd3 Kg8 13. Rd1 Bg4 14. Rf1 Qd7 15. a3 Nh5 16. b4 Ba7 17. Re1 Rf8 18. Qc4+ Kh8 19. Nd1 Nf4 20. Kh1 Nxg2 21. Rg1 Bf3 22. Rxg2 Bxg2+ 23. Kxg2 Qg4+ 24. Kf1 Qxd1+ 25. Kg2 Qf3+ 26. Kg1 Qxf2+ 27. Kh1 Qf3+ 28. Kg1 Ne2# 0-1

[Event "SE-2018-0-00268"]
[Site "LSS email"]
[Date "2018.01.24"]
[Round "?"]
[White "Suarez, Idalmis"]
[Black "Koenig, Michael"]
[Result "0-1"]
[WhiteElo "2026"]
[BlackElo "1337"]
[PlyCount "22"]
[EventDate "2017.11.18"]
[EventType "tourn (corr)"]
[EventRounds "6"]
[EventCountry "GER"]
[SourceTitle "Corr 2022"]
[Source "ChessBase"]
[SourceDate "2021.10.24"]
[SourceVersion "1"]
[SourceVersionDate "2021.10.24"]
[SourceQuality "1"]

1. d4 d5 2. Nf3 Nf6 3. Bg5 Be6 4. Nbd2 Nbd7 5. e3 Ne4 6. Bf4 c5 7. c3 Bg4 8. Be2 Nxd2 9. Qxd2 c4 10. Ne5 Bxe2 11. Qxe2 h6 0-1

[Event "SE-2017-0-00266"]
[Site "LSS email"]
[Date "2017.12.26"]
[Round "?"]
[White "Bieszk, Stanislaw"]
[Black "Koenig, Michael"]
[Result "1/2-1/2"]
[WhiteElo "1556"]
[BlackElo "1315"]
[PlyCount "130"]
[EventDate "2017.11.03"]
[EventType "tourn (corr)"]
[EventRounds "6"]
[EventCountry "GER"]
[SourceTitle "Corr 2022"]
[Source "ChessBase"]
[SourceDate "2021.10.24"]
[SourceVersion "1"]
[SourceVersionDate "2021.10.24"]
[SourceQuality "1"]

1. a3 e5 2. c4 Bc5 3. e3 d6 4. d3 Qe7 5. g3 Bb6 6. Bg2 Nf6 7. Nc3 Nc6 8. Nge2 0-0 9. 0-0 Bg4 10. h3 Bxe2 11. Qxe2 Qe8 12. b4 Nd8 13. Nd5 Nxd5 14. cxd5 c6 15. Bb2 cxd5 16. Bxd5 Qd7 17. Qg4 Qc7 18. Rac1 Qe7 19. Rfe1 a5 20. d4 axb4 21. axb4 Ra4 22. dxe5 dxe5 23. Bb3 Qxb4 24. Bxa4 Qxb2 25. Rb1 Qc3 26. Rec1 Qa3 27. Qb4 Qxb4 28. Rxb4 Ba7 29. Rc8 h6 30. Rb5 Ne6 31. Rxf8+ Kxf8 32. Rxb7 Bc5 33. Kg2 Nd8 34. Rd7 Be7 35. Kf3 Ne6 36. Bc6 Nd8 37. Bd5 Ke8 38. Ra7 h5 39. Ke4 Bc5 40. Kxe5 Bxa7 41. g4 hxg4 42. hxg4 Bc5 43. Ke4 g6 44. f4 Bf8 45. f5 gxf5+ 46. gxf5 Bg7 47. Bc4 Kf8 48. Kd5 Nb7 49. e4 Na5 50. Bb5 f6 51. Ke6 Nb3 52. Bc4 Nd2 53. Bd5 Nf3 54. Bc4 Ne5 55. Bd5 Nf7 56. Ba8 Ng5+ 57. Kd6 Bh6 58. Kd5 Ke7 59. Bc6 Nf3 60. Bb5 Bf4 61. Be2 Ne5 62. Kc5 Be3+ 63. Kd5 Kf7 64. Bb5 Ke7 65. Be2 Ba7 1/2-1/2

[Event "SE-2017-0-00266"]
[Site "LSS email"]
[Date "2017.12.26"]
[Round "?"]
[White "Cabrera Trujillo, Claudio Tomas"]
[Black "Koenig, Michael"]
[Result "1-0"]
[WhiteElo "1434"]
[BlackElo "1315"]
[PlyCount "103"]
[EventDate "2017.11.03"]
[EventType "tourn (corr)"]
[EventRounds "6"]
[EventCountry "GER"]
[SourceTitle "Corr 2022"]
[Source "ChessBase"]
[SourceDate "2021.10.24"]
[SourceVersion "1"]
[SourceVersionDate "2021.10.24"]
[SourceQuality "1"]

1. e4 e5 2. Nc3 Nf6 3. g3 Bc5 4. h3 0-0 5. Bg2 d6 6. Nf3 b5 7. d3 b4 8. Na4 Qe8 9. Nxc5 dxc5 10. Be3 Qe7 11. 0-0 Nc6 12. Nd2 a5 13. f4 Nd7 14. a3 bxa3 15. Rxa3 Bb7 16. fxe5 Ncxe5 17. Qa1 Nc6 18. Nc4 Nce5 19. Nxa5 Rab8 20. Nxb7 Rxb7 21. b3 Rc8 22. Qc3 Rf8 23. Ra5 c6 24. Bxc5 Nxc5 25. Rxc5 Rb5 26. b4 Nd7 27. Rxc6 Qxb4 28. Qxb4 Rxb4 29. c3 Rb2 30. d4 Nf6 31. e5 Ne8 32. Bd5 Rb5 33. c4 Rb8 34. e6 Nf6 35. e7 Rfe8 36. Re1 Rb3 37. Rxf6 gxf6 38. Bc6 Rbb8 39. d5 Rxe7 40. Rxe7 Rb3 41. d6 Rxg3+ 42. Kf2 Rd3 43. Bd5 Rd2+ 44. Ke3 Rd1 45. Ke2 Ra1 46. d7 Ra2+ 47. Kd3 Ra3+ 48. Kd4 Kg7 49. Rxf7+ Kh6 50. d8Q Rxh3 51. Qxf6+ Kh5 52. Bf3+ 1-0

[Event "SE-2017-0-00266"]
[Site "LSS email"]
[Date "2017.12.25"]
[Round "?"]
[White "Wilshusen, Horst"]
[Black "Koenig, Michael"]
[Result "1-0"]
[WhiteElo "1350"]
[BlackElo "1315"]
[PlyCount "53"]
[EventDate "2017.11.03"]
[EventType "tourn (corr)"]
[EventRounds "6"]
[EventCountry "GER"]
[SourceTitle "Corr 2022"]
[Source "ChessBase"]
[SourceDate "2021.10.24"]
[SourceVersion "1"]
[SourceVersionDate "2021.10.24"]
[SourceQuality "1"]

1. e4 e5 2. Nf3 Nc6 3. Bb5 a6 4. Ba4 Nf6 5. 0-0 b5 6. Bb3 h6 7. c3 Bd6 8. d3 g5 9. Qe2 g4 10. Nh4 Ne7 11. f4 Bc5+ 12. Kh1 exf4 13. Bxf4 d6 14. d4 Bb6 15. Bg3 Nc6 16. Na3 0-0 17. Rad1 d5 18. exd5 Nxd5 19. Nf5 Bxf5 20. Rxf5 Nf6 21. Bh4 Qe8 22. Qd2 Nh7 23. Qxh6 Nxd4 24. Qg6+ Kh8 25. Bf6+ Nxf6 26. Qxf6+ Kg8 27. Qg6+ 1-0

[Event "IECC CL4-2017.03 email"]
[Site "IECC email"]
[Date "2017.11.22"]
[Round "?"]
[White "Koenig, Michael"]
[Black "Lombardi, Donato"]
[Result "1-0"]
[WhiteElo "1315"]
[BlackElo "803"]
[PlyCount "53"]
[EventDate "2017.??.??"]
[EventType "tourn (corr)"]
[EventRounds "4"]
[SourceTitle "Corr 2022"]
[Source "ChessBase"]
[SourceDate "2021.10.24"]
[SourceVersion "1"]
[SourceVersionDate "2021.10.24"]
[SourceQuality "1"]

1. d4 e5 2. dxe5 Nc6 3. Nf3 Qe7 4. Bg5 Qb4+ 5. Nc3 Qxb2 6. Nd5 Be7 7. Rb1 Qa3 8. Nxc7+ Kd8 9. Bxe7+ Ngxe7 10. Nxa8 Qc3+ 11. Qd2 Qxd2+ 12. Kxd2 b6 13. e3 Bb7 14. Nxb6 axb6 15. Rxb6 Kc7 16. Rb3 Ra8 17. Bd3 Ng6 18. Rhb1 Bc8 19. Bxg6 hxg6 20. R1b2 Ba6 21. e4 Re8 22. Rc3 d6 23. exd6+ Kxd6 24. Rb6 Bb5 25. Rxb5 Rd8 26. Rd5+ Kc7 27. Rxc6+ 1-0

[Event "IECC CL4-2017.03 email"]
[Site "IECC email"]
[Date "2017.11.22"]
[Round "?"]
[White "Trevis, Robert R"]
[Black "Koenig, Michael"]
[Result "0-1"]
[WhiteElo "1166"]
[BlackElo "1315"]
[PlyCount "62"]
[EventDate "2017.??.??"]
[EventType "tourn (corr)"]
[EventRounds "4"]
[SourceTitle "Corr 2022"]
[Source "ChessBase"]
[SourceDate "2021.10.24"]
[SourceVersion "1"]
[SourceVersionDate "2021.10.24"]
[SourceQuality "1"]

1. e4 e5 2. Nf3 Nc6 3. d4 exd4 4. Nxd4 Bc5 5. Nb3 Bb4+ 6. c3 Be7 7. Be3 a5 8. N1d2 Nf6 9. Bd3 0-0 10. 0-0 Ne5 11. Nf3 Nxd3 12. Qxd3 a4 13. e5 Ng4 14. Nbd4 d5 15. Bf4 g5 16. Bg3 c5 17. Nf5 h5 18. Nxe7+ Qxe7 19. h3 h4 20. hxg4 hxg3 21. fxg3 Be6 22. Rad1 Rfd8 23. Nh2 c4 24. Qe3 b5 25. Rf6 Kf8 26. Qxg5 Ke8 27. Nf3 Kd7 28. Nd4 Rg8 29. Qh6 Rxg4 30. Qe3 Ra5 31. b4 cxb3 0-1

[Event "IECC CL4-2017.03 email"]
[Site "IECC email"]
[Date "2017.11.21"]
[Round "?"]
[White "Koenig, Michael"]
[Black "Shim Ng Min, Francis"]
[Result "1-0"]
[WhiteElo "1315"]
[BlackElo "1185"]
[PlyCount "53"]
[EventDate "2017.??.??"]
[EventType "tourn (corr)"]
[EventRounds "4"]
[SourceTitle "Corr 2022"]
[Source "ChessBase"]
[SourceDate "2021.10.24"]
[SourceVersion "1"]
[SourceVersionDate "2021.10.24"]
[SourceQuality "1"]

1. e4 c5 2. Nf3 d6 3. d4 cxd4 4. Nxd4 Nf6 5. Nd2 g6 6. Bb5+ Bd7 7. 0-0 Bg7 8. Bxd7+ Qxd7 9. Ne2 0-0 10. a4 Nc6 11. Nc3 a6 12. Nd5 Nxd5 13. exd5 Nd8 14. a5 Qc7 15. Ra4 b5 16. axb6 Qxb6 17. Nc4 Qb5 18. b3 Nb7 19. Ba3 Rfe8 20. Rb4 Qd7 21. Nb6 Qc7 22. Nxa8 Rxa8 23. Rc4 Qa5 24. Bb4 Qb5 25. Bc3 Bxc3 26. Rxc3 Nc5 27. Re3 1-0

[Event "IECC CL0-2017.00 email"]
[Site "IECC email"]
[Date "2017.10.04"]
[Round "?"]
[White "Koenig, Michael"]
[Black "Verich, Oleg"]
[Result "0-1"]
[WhiteElo "1290"]
[BlackElo "1128"]
[PlyCount "120"]
[EventDate "2017.09.07"]
[EventType "tourn (corr)"]
[EventRounds "4"]
[SourceTitle "Corr 2022"]
[Source "ChessBase"]
[SourceDate "2021.10.24"]
[SourceVersion "1"]
[SourceVersionDate "2021.10.24"]
[SourceQuality "1"]

1. d4 Nf6 2. Nf3 e6 3. Ne5 Be7 4. Bf4 d6 5. Nf3 0-0 6. Nbd2 Nbd7 7. a4 Re8 8. a5 Nf8 9. e4 Ng6 10. Bg5 Nd7 11. Bxe7 Nxe7 12. Bd3 c5 13. dxc5 Nxc5 14. Bb5 Bd7 15. Bxd7 Nxd7 16. Nc4 d5 17. exd5 Nxd5 18. Nd6 Re7 19. Nxb7 Qc7 20. a6 Ne5 21. 0-0 Nxf3+ 22. Qxf3 Qxc2 23. Rfb1 Rc7 24. Na5 Rac8 25. Nb3 g6 26. Nd4 Qc5 27. Qe4 Nf6 28. Qe3 e5 29. Nf5 gxf5 30. Qg5+ Kf8 31. Rf1 Qe7 32. Qxf5 Qe6 33. Qxe6 fxe6 34. b4 Rb8 35. Ra5 Rxb4 36. Rxe5 Kf7 37. Ree1 Rc6 38. Ra1 Rbb6 39. Rfb1 Rxa6 40. Rb7+ Kg6 41. Re1 Rcb6 42. Rc7 Nd5 43. Rd7 Rd6 44. Rxd6 Rxd6 45. Ra1 Nc3 46. h4 Rd1+ 47. Rxd1 Nxd1 48. Kf1 Nc3 49. g4 a5 50. Ke1 a4 51. h5+ Kg5 52. Kd2 Nd5 53. f3 a3 54. Kc2 e5 55. Kb3 Nb4 56. Kxa3 Nc2+ 57. Kb3 Ne1 58. Kc4 Nxf3 59. Kd5 Kxg4 60. h6 Kf4 0-1

[Event "IECC CL0-2017.00 email"]
[Site "IECC email"]
[Date "2017.09.18"]
[Round "?"]
[White "Koenig, Michael"]
[Black "Chura, Michal"]
[Result "0-1"]
[WhiteElo "1290"]
[BlackElo "1271"]
[PlyCount "96"]
[EventDate "2017.08.18"]
[EventType "tourn (corr)"]
[EventRounds "4"]
[SourceTitle "Corr 2022"]
[Source "ChessBase"]
[SourceDate "2021.10.24"]
[SourceVersion "1"]
[SourceVersionDate "2021.10.24"]
[SourceQuality "1"]

1. e4 c5 2. Nf3 Nc6 3. d4 cxd4 4. Nxd4 Nf6 5. Nxc6 bxc6 6. Nd2 g6 7. e5 Nd5 8. Be2 Bg7 9. Nf3 Qc7 10. c4 Nb6 11. a4 Ba6 12. c5 Bxe2 13. Qxe2 Nd5 14. a5 Qb7 15. Ra4 Qb3 16. Rd4 Rb8 17. a6 Rb5 18. Rc4 Ra5 19. Ng5 0-0 20. f4 Rxa6 21. 0-0 Ra1 22. Ne4 Bh6 23. Nf2 Rb8 24. Ng4 Bg7 25. Rd4 Rb4 26. Rxb4 Qxb4 27. Qf2 Qe4 28. Re1 Qc4 29. Be3 Nxe3 30. Qxe3 Rxe1+ 31. Qxe1 Qxf4 32. h3 h5 33. Nf2 Bxe5 34. Nd3 Qd4+ 35. Kh1 Qxd3 36. Qxe5 e6 37. Qb8+ Kh7 38. Qxa7 Kg7 39. Qb8 Qd5 40. Qd6 Qxd6 41. cxd6 Kf6 42. Kh2 Ke5 43. g4 hxg4 44. hxg4 Kxd6 45. Kg3 Kc5 46. Kh4 e5 47. Kg5 f6+ 48. Kxg6 e4 0-1

[Event "SE-2017-0-00249"]
[Site "LSS email"]
[Date "2017.04.25"]
[Round "?"]
[White "Obrien, Glenn"]
[Black "Koenig, Michael"]
[Result "1-0"]
[WhiteElo "1372"]
[BlackElo "1406"]
[PlyCount "103"]
[EventDate "2017.02.16"]
[EventType "tourn (corr)"]
[EventRounds "6"]
[EventCountry "GER"]
[SourceTitle "Corr 2022"]
[Source "ChessBase"]
[SourceDate "2021.10.24"]
[SourceVersion "1"]
[SourceVersionDate "2021.10.24"]
[SourceQuality "1"]

1. e4 e5 2. Nf3 Nc6 3. Bb5 a6 4. Ba4 Nf6 5. 0-0 b5 6. Bb3 h6 7. Re1 Bd6 8. c3 Na5 9. d4 Nc6 10. a4 bxa4 11. Bxa4 Ng4 12. h3 Nxf2 13. Kxf2 exd4 14. Bxc6 dxc6 15. e5 Be7 16. Nxd4 Qd7 17. Qf3 Qd5 18. Qxd5 cxd5 19. Nc6 Bc5+ 20. Be3 Bxe3+ 21. Kxe3 Bb7 22. Na5 Bc8 23. Rd1 Rb8 24. b4 Be6 25. Nb3 Rb6 26. Nc5 Ke7 27. Rxa6 Rxa6 28. Nxa6 c6 29. b5 cxb5 30. Nb4 f6 31. exf6+ gxf6 32. Nxd5+ Kf7 33. Nc7 Rg8 34. Nxe6 Kxe6 35. Kf2 Rg5 36. Nd2 Rc5 37. Ne4 Re5 38. Nd6 Rh5 39. Ke3 Ke7 40. Nc8+ Ke8 41. Rb1 Rg5 42. g4 Re5+ 43. Kd4 h5 44. Nd6+ Kd7 45. Ne4 hxg4 46. hxg4 Ke6 47. Rf1 Rd5+ 48. Ke3 f5 49. gxf5+ Rxf5 50. Rxf5 Kxf5 51. Nd6+ Ke6 52. Nxb5 1-0

[Event "RE-2017-0-00185"]
[Site "LSS email"]
[Date "2017.04.21"]
[Round "?"]
[White "Koenig, Michael"]
[Black "Perez, Fanta"]
[Result "0-1"]
[WhiteElo "1417"]
[BlackElo "2287"]
[PlyCount "60"]
[EventDate "2017.01.16"]
[EventType "tourn (corr)"]
[EventRounds "6"]
[EventCountry "GER"]
[SourceTitle "Corr 2022"]
[Source "ChessBase"]
[SourceDate "2021.10.24"]
[SourceVersion "1"]
[SourceVersionDate "2021.10.24"]
[SourceQuality "1"]

1. e4 e5 2. Nf3 Nc6 3. Bc4 Nf6 4. Ng5 d5 5. exd5 Nxd5 6. Nc3 Qxg5 7. Bxd5 Nd4 8. d3 Qg4 9. Bf3 Nxf3+ 10. Qxf3 Qxf3 11. gxf3 g6 12. Nd5 Kd7 13. 0-0 Kc6 14. Nc3 g5 15. Re1 Bd6 16. Re4 Be6 17. Bd2 f5 18. Re2 Rae8 19. Rb1 Rhg8 20. Kf1 Kd7 21. a4 h5 22. a5 a6 23. b4 g4 24. fxg4 hxg4 25. Na4 Bd5 26. c4 Bf3 27. Ree1 Rh8 28. Nc3 Rxh2 29. Ne2 Rh1+ 30. Ng1 Reh8 0-1

[Event "LSS No Engine Cup 163 Preliminary 0"]
[Site "LSS email"]
[Date "2016.12.04"]
[Round "?"]
[White "Koenig, Michael"]
[Black "Leisner, Jon"]
[Result "0-1"]
[WhiteElo "1776"]
[BlackElo "1600"]
[PlyCount "88"]
[EventDate "2016.12.05"]
[EventType "tourn (corr)"]
[EventRounds "6"]
[EventCountry "GER"]
[SourceTitle "Corr 2022"]
[Source "ChessBase"]
[SourceDate "2021.10.24"]
[SourceVersion "1"]
[SourceVersionDate "2021.10.24"]
[SourceQuality "1"]

1. d4 Nf6 2. Nf3 e6 3. Bg5 h6 4. Bxf6 Qxf6 5. e4 d6 6. Nc3 g6 7. Bc4 Bg7 8. Qd2 Qe7 9. 0-0 0-0 10. Rae1 Nd7 11. Bb3 a6 12. a3 b6 13. Re2 Bb7 14. Rd1 Rad8 15. Qe3 Nf6 16. Qc1 Rfe8 17. a4 Nd7 18. Bc4 c5 19. d5 e5 20. Na2 Kh7 21. b4 f5 22. exf5 gxf5 23. b5 axb5 24. Bxb5 Rg8 25. Qb1 Nf8 26. Qb3 Rb8 27. Bd3 Bc8 28. Qb1 Qa7 29. Bb5 Qf7 30. Bc4 e4 31. Ne1 Be5 32. a5 Qa7 33. Qb3 Qxa5 34. Qh3 Qa7 35. Qa3 Qxa3 36. Rb1 Qa7 37. Nc1 Qg7 38. Re3 Ng6 39. Reb3 f4 40. Rxb6 Rxb6 41. Rxb6 Nh4 42. g3 fxg3 43. hxg3 Bxg3 44. fxg3 Qxg3+ 0-1

[Event "LSS No Engine Cup 163 Preliminary 0"]
[Site "LSS email"]
[Date "2016.12.04"]
[Round "?"]
[White "Koenig, Michael"]
[Black "Perez, Giorgio"]
[Result "1-0"]
[WhiteElo "1776"]
[BlackElo "1623"]
[PlyCount "47"]
[EventDate "2016.12.05"]
[EventType "tourn (corr)"]
[EventRounds "6"]
[EventCountry "GER"]
[SourceTitle "Corr 2022"]
[Source "ChessBase"]
[SourceDate "2021.10.24"]
[SourceVersion "1"]
[SourceVersionDate "2021.10.24"]
[SourceQuality "1"]

1. e4 c6 2. d4 d5 3. e5 Bf5 4. c3 e6 5. Qb3 Qc7 6. Nf3 Ne7 7. Be2 Ng6 8. Be3 Nd7 9. Nbd2 Nb6 10. h3 Be7 11. Rg1 Nf8 12. Bg5 Bxg5 13. Nxg5 Ng6 14. g4 h6 15. gxf5 Nf4 16. Ngf3 Nxh3 17. Rxg7 Ng5 18. Nxg5 hxg5 19. fxe6 0-0-0 20. Bg4 Kb8 21. Rxf7 Qxf7 22. exf7 Rh1+ 23. Ke2 Rxa1 24. Qa3 1-0